Builders of modern India : (Record no. 143253)

MARC details
000 -LEADER
fixed length control field 00542nam a22001817a 4500
005 - DATE AND TIME OF LATEST TRANSACTION
control field 20170811104059.0
010 ## - LCCN (DPL NO)
LC control number ENG-119630
020 ## - INTERNATIONAL STANDARD BOOK NUMBER
International Standard Book Number 9787823020105
Terms of availability 115.00
035 ## - SYSTEM CONTROL NUMBER
System control number EN-103162
037 ## - SOURCE OF ACQUISITION
Source of stock number/acquisition DBAD/PUB
082 ## - DEWEY DECIMAL CLASSIFICATION NUMBER
Classification number 921
100 ## - MAIN ENTRY--PERSONAL NAME
Personal name Viyogi,Hari
245 ## - TITLE STATEMENT
Title Builders of modern India :
Statement of responsibility, etc by Viyogi Hari
Remainder of title Thakkar Bapa/
260 ## - PUBLICATION, DISTRIBUTION, ETC. (IMPRINT)
Place of publication, distribution, etc New Delhi
Name of publisher, distributor, etc Publications Division
Date of publication, distribution, etc 2015
270 ## - ADDRESS
Address Soochna Bhawan, CGO Complex, Lodhi Road. New Delhi-110003
300 ## - PHYSICAL DESCRIPTION
Extent 164p
Dimensions 22cm.(pbk)
942 ## - ADDED ENTRY ELEMENTS (KOHA)
Source of classification or shelving scheme Dewey Decimal Classification
Item type English Books
Classification part 921
Call number suffix THA
Holdings
Withdrawn status Lost status Not for loan Collection code Home library Current library Date acquired Source of acquisition Cost, normal purchase price Full call number Barcode Copy number Cost, replacement price Koha item type
    Not For Loan Non-fiction D.B.Act.Division D.B.Act.Division 11/08/2017 DBAD/PUB 115.00 921 THA EN-103162 1 115.00 English Books

© Delhi Public Library
Hit Counter
free hit counter